000 00319nam a2200133Ia 4500
005 20251222143316.0
008 251222s9999||||xx |||||||||||||| ||spa||
020 _a84-8280-127-9
082 _a838.93/K15
100 _aKafka, Franz
245 0 _aLa Metamorfosis y Otros Relatos
264 _bOveja Negra
942 _cLIB
999 _c15905
_d15905